| 000 | 01156nam0a22003251 4500 | ||
|---|---|---|---|
| 001 | rc\2170997 | ||
| 005 | 20260406074609.0 | ||
| 035 | _a(NLR Aleph) 006520150 | ||
| 090 |
_a6421385 _c6421385 |
||
| 100 | _a20110826d1978 |||y0rusy50 ca | ||
| 101 | 0 | _arus | |
| 102 | _aRU | ||
| 105 | _aa z |||a| | ||
| 200 | 1 |
_aПовесть о матери _eО М.А. Ульяновой |
|
| 205 | _a2-е изд., доп. | ||
| 210 |
_aМосква _cПолитиздат _d1978 |
||
| 215 |
_a230 с., 2 л. ил. _d16 |
||
| 225 | 1 | _aСерия "Семья Ульяновых" | |
| 300 | _aНа обл. авт. не указан | ||
| 686 |
_aШ5(2=р)75-644.8 _2rubbk |
||
| 700 | 1 |
_7ca _8rus _aВечтомова _bЕ. А. _f1909-1989 _gЕлена Андреевна _3RU\NLR\AUTH\770150730 _9150693 |
|
| 702 | 1 |
_4570 _7ca _8rus _aУльянова _bМ. А. _cпедагог _f1835-1916 _gМария Александровна _92648029 _3RU\NLR\AUTH\770276062 |
|
| 801 | 0 |
_aRU _bNLR _gpsbo |
|
| 801 | 1 |
_aRU _bELAR _2rusmarc |
|
| 852 |
_aNLR _j78-2/2581 |
||
| 899 |
_aRuMoRGB _jБ 78-43/250 |
||
| 899 |
_aRuMoRGB _jБ 78-43/251 |
||
| 942 | _cBOOK | ||
| 980 | _aNB | ||